[Event "GBR-ch72"]
[Site "Edinburgh"]
[Date "1985.08.02"]
[Round "5.9"]
[White "Prasad, Devaki V"]
[Black "Rogers, Ian"]
[Result "0-1"]
[WhiteElo "2375"]
[BlackElo "2510"]
[PlyCount "39"]
[EventDate "1985.07.29"]
[EventType "swiss"]
[EventRounds "11"]
[EventCountry "GBR"]
[SourceTitle "BritBase"]
[Source "John Saunders"]
[SourceDate "2020.09.07"]
[SourceVersion "1"]
[SourceVersionDate "2020.09.07"]
[SourceQuality "2"]

1. e4 Nc6 2. d4 d5 3. Nc3 dxe4 4. d5 Ne5 5. Bf4 Ng6 6. Bg3 a6 7. h4 e5 8. dxe6
Bxe6 9. h5 N6e7 10. Nxe4 Nd5 11. Nf3 Ngf6 12. Nxf6+ Qxf6 13. Be5 Bb4+ 14. c3
Nxc3 15. Bxf6 Nxd1+ 16. Kxd1 gxf6 17. Bd3 O-O-O 18. Kc2 Bc5 19. Nh4 Bxf2 20.
Nf5 0-1

[Event "GBR-ch72"]
[Site "Edinburgh"]
[Date "1985.08.02"]
[Round "5.10"]
[White "Bryson, Douglas"]
[Black "Flear, Glenn C"]
[Result "1/2-1/2"]
[WhiteElo "2275"]
[BlackElo "2475"]
[PlyCount "135"]
[EventDate "1985.07.29"]
[EventType "swiss"]
[EventRounds "11"]
[EventCountry "GBR"]
[SourceTitle "BritBase"]
[Source "John Saunders"]
[SourceDate "2020.09.07"]
[SourceVersion "1"]
[SourceVersionDate "2020.09.07"]
[SourceQuality "2"]

1. e4 e5 2. Nf3 Nc6 3. d4 exd4 4. c3 d5 5. exd5 Qxd5 6. cxd4 Bg4 7. Nc3 Bb4 8.
Be2 Bxf3 9. Bxf3 Qc4 10. Be3 Bxc3+ 11. bxc3 Qxc3+ 12. Kf1 Qc4+ 13. Kg1 Nge7 14.
Rc1 Qxa2 15. Ra1 Qc4 16. Rc1 Qa2 17. Ra1 Qc4 18. Rc1 Qb4 19. Rb1 Qd6 20. Rxb7
O-O 21. g3 Nd5 22. Kg2 Rab8 23. Rxb8 Nxe3+ 24. fxe3 Rxb8 25. Qa1 g6 26. Rc1 Ne7
27. Qxa7 Rb2+ 28. Kg1 Qb4 29. Rd1 Qc3 30. Qa8+ Kg7 31. Qe4 Nf5 32. Qd3 Qb4 33.
Bd5 h5 34. e4 Nh6 35. Qf3 c6 36. Bxc6 Qc4 37. Bd7 Qc2 38. h3 Qh2+ 39. Kf1 f5
40. exf5 Qxh3+ 41. Ke1 gxf5 42. Rd2 Rb1+ 43. Rd1 Rxd1+ 44. Kxd1 h4 45. Bxf5
Nxf5 46. Qb7+ Kf6 47. Qb6+ Kg5 48. gxh4+ Kf4 49. Qf6 Qd3+ 50. Kc1 Ke4 51. Qe6+
Kf3 52. Qc6+ Ke3 53. Qc2 Qa3+ 54. Qb2 Qa5 55. Qb3+ Kf4 56. Qb8+ Kg4 57. Qc8
Kxh4 58. d5 Qa1+ 59. Kc2 Qa4+ 60. Kb2 Qb4+ 61. Kc2 Qe4+ 62. Kb2 Ne3 63. Qh8+
Kg4 64. d6 Qb4+ 65. Kc1 Qxd6 66. Qg7+ Kf3 67. Qc3 Ke4 68. Qb4+ 1/2-1/2

[Event "GBR-ch72"]
[Site "Edinburgh"]
[Date "1985.08.02"]
[Round "5.11"]
[White "West, Guy"]
[Black "McNab, Colin Anderson"]
[Result "1/2-1/2"]
[WhiteElo "2310"]
[BlackElo "2420"]
[PlyCount "54"]
[EventDate "1985.07.29"]
[EventType "swiss"]
[EventRounds "11"]
[EventCountry "GBR"]
[SourceTitle "BritBase"]
[Source "John Saunders"]
[SourceDate "2020.09.07"]
[SourceVersion "1"]
[SourceVersionDate "2020.09.07"]
[SourceQuality "2"]

1. e4 g6 2. d4 d6 3. Nf3 Nf6 4. Nc3 Bg7 5. h3 c6 6. a4 a5 7. Be3 Na6 8. Qd2 Nb4
9. g4 h5 10. g5 Nd7 11. Nh4 O-O 12. f4 Qb6 13. O-O-O c5 14. e5 cxd4 15. Bxd4
Nc5 16. Qf2 Be6 17. f5 Bxe5 18. fxe6 Ncd3+ 19. Bxd3 Bxd4 20. Qe2 Bxc3 21. bxc3
Na2+ 22. Kd2 Nxc3 23. exf7+ Rxf7 24. Qe6 Qb4 25. Rhf1 Nb5+ 26. Kc1 Qa3+ 27. Kd2
Qb4+ 1/2-1/2

[Event "GBR-ch72"]
[Site "Edinburgh"]
[Date "1985.08.02"]
[Round "5.12"]
[White "Cummings, David H"]
[Black "Eke, Matthew A"]
[Result "1-0"]
[WhiteElo "2415"]
[BlackElo "2128"]
[PlyCount "75"]
[EventDate "1985.07.29"]
[EventType "swiss"]
[EventRounds "11"]
[EventCountry "GBR"]
[SourceTitle "BritBase"]
[Source "John Saunders"]
[SourceDate "2020.09.07"]
[SourceVersion "1"]
[SourceVersionDate "2020.09.07"]
[SourceQuality "2"]

1. Nf3 Nf6 2. c4 b6 3. Nc3 Bb7 4. d4 e6 5. a3 d5 6. cxd5 exd5 7. g3 Be7 8. Qa4+
Qd7 9. Qb3 O-O 10. Bg2 Na6 11. O-O c5 12. Bf4 Rfd8 13. Rfd1 Rac8 14. Ne5 Qf5
15. Nb5 Ra8 16. Rac1 Ne4 17. Nc3 cxd4 18. Nb5 Nac5 19. Qf3 Ne6 20. Nc6 Bxc6 21.
Rxc6 Bf6 22. Bc7 Qxf3 23. exf3 N4c5 24. Bxd8 Nxd8 25. Rd6 Ndb7 26. Rxd5 Na4 27.
Rd2 Na5 28. Nxd4 Nc4 29. Rc2 Ncxb2 30. f4 Re8 31. Bf1 h6 32. Kg2 Re1 33. Nb5 a6
34. Nc7 Ra1 35. Rd7 Rxa3 36. Nd5 Bd4 37. Ne7+ Kf8 38. Rc8# 1-0

[Event "GBR-ch72"]
[Site "Edinburgh"]
[Date "1985.08.02"]
[Round "5.13"]
[White "Thomson, Craig"]
[Black "Kosten, Anthony C"]
[Result "1-0"]
[WhiteElo "2260"]
[BlackElo "2395"]
[PlyCount "143"]
[EventDate "1985.07.29"]
[EventType "swiss"]
[EventRounds "11"]
[EventCountry "GBR"]
[SourceTitle "BritBase"]
[Source "John Saunders"]
[SourceDate "2020.09.07"]
[SourceVersion "1"]
[SourceVersionDate "2020.09.07"]
[SourceQuality "2"]

1. d4 Nf6 2. c4 e6 3. Nf3 b6 4. g3 Ba6 5. b3 Bb4+ 6. Bd2 Be7 7. Nc3 Bb7 8. Bg2
d5 9. cxd5 exd5 10. O-O O-O 11. Bf4 Na6 12. Qc2 Qc8 13. Rad1 c5 14. Be5 Ne4 15.
Qb2 Nxc3 16. Qxc3 Qe6 17. dxc5 bxc5 18. Qc2 Rfd8 19. Bb2 Nb4 20. Qb1 a5 21. Ne5
Rab8 22. Nd3 Nxd3 23. exd3 Qd7 24. Qa1 d4 25. Bxb7 Qxb7 26. Rd2 h5 27. Qd1 h4
28. Qg4 Rd6 29. Re2 hxg3 30. hxg3 Bf8 31. Rfe1 Qb5 32. Bc1 Qxd3 33. Bf4 Rg6 34.
Qd7 Qb5 35. Qxb5 Rxb5 36. Re8 Rbb6 37. Ra8 Rge6 38. Rc1 Ra6 39. Rd8 f6 40. Rxc5
g5 41. Bd2 Rad6 42. Rcc8 Rxd8 43. Rxd8 Re2 44. Bxa5 Kf7 45. Rxd4 Rxa2 46. Bd2
Bc5 47. Rd3 f5 48. Be3 Bxe3 49. Rxe3 g4 50. Re5 Kf6 51. Re8 Rb2 52. Rb8 Ke5 53.
Kf1 Ke4 54. Rb4+ Ke5 55. Ke1 Kf6 56. Rf4 Ke6 57. b4 Ke5 58. Kd1 Ke6 59. Kc1 Re2
60. b5 Re5 61. Rb4 Rc5+ 62. Kd2 Rc7 63. b6 Rb7 64. Ke3 Ke5 65. Rb5+ Kf6 66. Kf4
Kg6 67. Ke5 Kh5 68. Kd6 Kg6 69. Kc6 Rb8 70. b7 f4 71. Kc7 fxg3 72. fxg3 1-0

[Event "GBR-ch72"]
[Site "Edinburgh"]
[Date "1985.08.02"]
[Round "5.14"]
[White "Howell, James C"]
[Black "Knott, Simon JB"]
[Result "1/2-1/2"]
[WhiteElo "2370"]
[BlackElo "2275"]
[PlyCount "124"]
[EventDate "1985.07.29"]
[EventType "swiss"]
[EventRounds "11"]
[EventCountry "GBR"]
[SourceTitle "BritBase"]
[Source "John Saunders"]
[SourceDate "2020.09.07"]
[SourceVersion "1"]
[SourceVersionDate "2020.09.07"]
[SourceQuality "2"]

1. e4 e6 2. d4 d5 3. Nd2 Nf6 4. e5 Nfd7 5. f4 c5 6. c3 Nc6 7. Ndf3 cxd4 8. cxd4
Nb6 9. g4 Bd7 10. Bd3 h5 11. gxh5 Nb4 12. Bb1 Qc7 13. Bd2 Rc8 14. Bc3 Rxh5 15.
a3 Nc6 16. Ng5 g6 17. Ne2 Ne7 18. Bc2 Nc4 19. Bd3 Bh6 20. Kf2 Qb6 21. Bxc4 Rxc4
22. b3 Rc8 23. Bb4 Nf5 24. Nf3 Bb5 25. Ng3 Bxf4 26. Nxh5 Be3+ 27. Kg2 gxh5 28.
Re1 Qa6 29. Bd2 Bxd4 30. Nxd4 Nxd4 31. Rc1 Rxc1 32. Bxc1 Bd3 33. Re3 Nc2 34.
Rg3 Be4+ 35. Kh3 Bg6 36. Rxg6 fxg6 37. Qxc2 Qf1+ 38. Kh4 Qe1+ 39. Kh3 Qf1+ 40.
Kh4 Qe1+ 41. Kg5 Qxe5+ 42. Kxg6 Kd7 43. Bg5 d4 44. h4 Qd5 45. Qd3 e5 46. Qf5+
Kc6 47. Qc8+ Kb5 48. Qe8+ Kc5 49. Be7+ Kb6 50. Bd8+ Kc5 51. Be7+ Kb6 52. Qd8+
Kc6 53. Qxd5+ Kxd5 54. Kf5 d3 55. Bg5 Kd4 56. Bd2 b6 57. a4 a5 58. Kg5 Ke4 59.
Kf6 Kf3 60. Kxe5 Ke2 61. Bg5 d2 62. Bxd2 Kxd2 1/2-1/2

[Event "GBR-ch72"]
[Site "Edinburgh"]
[Date "1985.08.02"]
[Round "5.15"]
[White "Wells, Peter K"]
[Black "Small, Simon"]
[Result "1-0"]
[WhiteElo "2365"]
[BlackElo "2152"]
[PlyCount "69"]
[EventDate "1985.07.29"]
[EventType "swiss"]
[EventRounds "11"]
[EventCountry "GBR"]
[SourceTitle "BritBase"]
[Source "John Saunders"]
[SourceDate "2020.09.07"]
[SourceVersion "1"]
[SourceVersionDate "2020.09.07"]
[SourceQuality "2"]

1. d4 d5 2. Nf3 Nc6 3. g3 Nf6 4. Bg2 Bf5 5. O-O e6 6. c4 Be7 7. cxd5 exd5 8.
Nc3 O-O 9. Ne5 Ne4 10. Nxc6 bxc6 11. Qa4 Nxc3 12. bxc3 Qd7 13. c4 Qe6 14. Bf4
Bd8 15. Rfe1 Be4 16. f3 Bg6 17. e4 Bf6 18. exd5 Bxd4+ 19. Kh1 Qf6 20. Rad1 cxd5
21. cxd5 Bb6 22. Rc1 Rad8 23. Bxc7 Rxd5 24. Rc6 Qb2 25. Bxb6 axb6 26. Rc8 Re5
27. Rxf8+ Kxf8 28. Qa8+ Ke7 29. Rd1 Bd3 30. f4 Re3 31. Qb7+ Kf8 32. Qb8+ Ke7
33. Qc7+ Ke6 34. f5+ Kf6 35. Qd6+ 1-0

[Event "GBR-ch72"]
[Site "Edinburgh"]
[Date "1985.08.02"]
[Round "5.16"]
[White "Thipsay, Praveen Mahadeo"]
[Black "Ivell, Nicholas W"]
[Result "1-0"]
[WhiteElo "2495"]
[BlackElo "2350"]
[PlyCount "51"]
[EventDate "1985.07.29"]
[EventType "swiss"]
[EventRounds "11"]
[EventCountry "GBR"]
[SourceTitle "BritBase"]
[Source "John Saunders"]
[SourceDate "2020.09.07"]
[SourceVersion "1"]
[SourceVersionDate "2020.09.07"]
[SourceQuality "2"]

1. e4 c5 2. Nf3 e6 3. d4 cxd4 4. Nxd4 Nf6 5. Nc3 d6 6. Be3 Nc6 7. Bc4 Be7 8.
O-O O-O 9. Bb3 Na5 10. f4 e5 11. Nf5 Bxf5 12. exf5 exf4 13. Bxf4 Nxb3 14. axb3
d5 15. Be5 Re8 16. Kh1 a6 17. Ra4 Rc8 18. Bxf6 Bxf6 19. Nxd5 Rc5 20. Nxf6+ Qxf6
21. Raf4 Qxb2 22. f6 g6 23. Qd2 Rxc2 24. Re4 Rec8 25. Rc4 Qxf6 26. Rxc8+ 1-0

[Event "GBR-ch72"]
[Site "Edinburgh"]
[Date "1985.08.02"]
[Round "5.17"]
[White "Bellin, Robert"]
[Black "Bradbury, Neil H"]
[Result "1/2-1/2"]
[WhiteElo "2395"]
[BlackElo "2335"]
[PlyCount "83"]
[EventDate "1985.07.29"]
[EventType "swiss"]
[EventRounds "11"]
[EventCountry "GBR"]
[SourceTitle "BritBase"]
[Source "John Saunders"]
[SourceDate "2020.09.07"]
[SourceVersion "1"]
[SourceVersionDate "2020.09.07"]
[SourceQuality "2"]

1. Nf3 Nf6 2. b3 d6 3. d4 g6 4. Bb2 Bg7 5. Nbd2 O-O 6. g3 b5 7. c4 bxc4 8. bxc4
Nbd7 9. Bg2 Rb8 10. Bc3 Bb7 11. O-O Ne4 12. Ba5 Nxd2 13. Qxd2 e5 14. dxe5 Bxf3
15. exf3 Nxe5 16. Qd5 Re8 17. f4 Nd7 18. Rae1 Nb6 19. Qc6 Rxe1 20. Rxe1 Bd4 21.
Bf3 Bf6 22. Kg2 Kg7 23. Re3 Qc8 24. Bc3 Bxc3 25. Rxc3 Qd7 26. Ra3 Qxc6 27. Bxc6
Nxc4 28. Rxa7 Rb2 29. Rxc7 Rxa2 30. Be8 Ne3+ 31. Kf3 Nd1 32. Bxf7 Rxf2+ 33. Ke4
Nc3+ 34. Ke3 Nd1+ 35. Kd3 Nb2+ 36. Ke3 Nd1+ 37. Kd4 Rxh2 38. Bb3+ Kf8 39. Bxd1
Rd2+ 40. Ke4 Rxd1 41. Rxh7 Rg1 42. Kf3 1/2-1/2

[Event "GBR-ch72"]
[Site "Edinburgh"]
[Date "1985.08.02"]
[Round "5.18"]
[White "Upton, Timothy J"]
[Black "Motwani, Paul"]
[Result "1/2-1/2"]
[WhiteElo "2305"]
[BlackElo "2365"]
[PlyCount "35"]
[EventDate "1985.07.29"]
[EventType "swiss"]
[EventRounds "11"]
[EventCountry "GBR"]
[SourceTitle "BritBase"]
[Source "John Saunders"]
[SourceDate "2020.09.07"]
[SourceVersion "1"]
[SourceVersionDate "2020.09.07"]
[SourceQuality "2"]

1. e4 e6 2. d4 d5 3. Nd2 c5 4. exd5 exd5 5. Ngf3 Nc6 6. Bb5 Bd6 7. dxc5 Bxc5 8.
O-O Nge7 9. Nb3 Bd6 10. c3 O-O 11. Bg5 Bg4 12. Be2 Re8 13. Bh4 Qb6 14. Re1 Nf5
15. Qxd5 Bxf3 16. Bxf3 Bxh2+ 17. Kxh2 Nxh4 18. Kg1 1/2-1/2

[Event "GBR-ch72"]
[Site "Edinburgh"]
[Date "1985.08.02"]
[Round "5.19"]
[White "Teichmann, Erik OMC"]
[Black "Buckmire, Ron"]
[Result "1-0"]
[WhiteElo "2385"]
[BlackElo "2200"]
[PlyCount "73"]
[EventDate "1985.07.29"]
[EventType "swiss"]
[EventRounds "11"]
[EventCountry "GBR"]
[SourceTitle "BritBase"]
[Source "John Saunders"]
[SourceDate "2020.09.07"]
[SourceVersion "1"]
[SourceVersionDate "2020.09.07"]
[SourceQuality "2"]

1. b4 Nf6 2. Bb2 d6 3. e3 g6 4. Nf3 Bg7 5. c4 O-O 6. Nc3 e5 7. Qb3 h6 8. Be2
Nc6 9. b5 Nb8 10. d4 exd4 11. exd4 Re8 12. O-O Bf5 13. Rfe1 Nbd7 14. a4 Nf8 15.
Nd1 g5 16. Ne3 Bg6 17. Nd2 Qc8 18. Bd3 Bxd3 19. Qxd3 Ng6 20. g3 Ne7 21. Re2 Qh3
22. Rae1 Rad8 23. Ne4 Kf8 24. Nxf6 Bxf6 25. Qh7 c6 26. f3 h5 27. Qh6+ Bg7 28.
Qxg5 f6 29. Qf4 Kf7 30. d5 Ng6 31. Qf5 Qxf5 32. Nxf5 Rxe2 33. Rxe2 cxd5 34.
cxd5 Bf8 35. Re6 Ne5 36. f4 Ng4 37. h3 1-0

[Event "GBR-ch72"]
[Site "Edinburgh"]
[Date "1985.08.02"]
[Round "5.20"]
[White "Emms, John"]
[Black "Levitt, Jonathan"]
[Result "1/2-1/2"]
[WhiteElo "2245"]
[BlackElo "2375"]
[PlyCount "81"]
[EventDate "1985.07.29"]
[EventType "swiss"]
[EventRounds "11"]
[EventCountry "GBR"]
[SourceTitle "BritBase"]
[Source "John Saunders"]
[SourceDate "2020.09.07"]
[SourceVersion "1"]
[SourceVersionDate "2020.09.07"]
[SourceQuality "2"]

1. e4 e6 2. d4 d5 3. Nd2 Nf6 4. e5 Nfd7 5. f4 c5 6. c3 Nc6 7. Ndf3 f5 8. Bd3
Be7 9. Ne2 c4 10. Bc2 b5 11. h3 Nb6 12. g4 g6 13. Ng3 Kd7 14. h4 Kc7 15. Be3 a5
16. h5 Bd7 17. g5 b4 18. Kf2 a4 19. cxb4 a3 20. bxa3 Rxa3 21. Bc1 Ra8 22. a4
Bxb4 23. Bd2 Ba5 24. Qe1 Qf8 25. Ne2 Nb4 26. Bb1 Nc6 27. Bc3 Rg8 28. Qd2 Ra7
29. Bc2 Qe7 30. hxg6 hxg6 31. Rab1 Rga8 32. Rb2 Nd8 33. Ra1 Bc6 34. Bxa5 Rxa5
35. Nc3 Qe8 36. Nh4 Qh8 37. Kg3 Qe8 38. Kf2 R8a7 39. Rba2 Qh8 40. Kg3 Qe8 41.
Qd1 1/2-1/2

[Event "GBR-ch72"]
[Site "Edinburgh"]
[Date "1985.08.02"]
[Round "5.21"]
[White "McDonald, Neil R"]
[Black "Arkell, Keith C"]
[Result "1/2-1/2"]
[WhiteElo "2216"]
[BlackElo "2385"]
[PlyCount "87"]
[EventDate "1985.07.29"]
[EventType "swiss"]
[EventRounds "11"]
[EventCountry "GBR"]
[SourceTitle "BritBase"]
[Source "John Saunders"]
[SourceDate "2020.09.07"]
[SourceVersion "1"]
[SourceVersionDate "2020.09.07"]
[SourceQuality "2"]

1. Nf3 c5 2. g3 Nc6 3. Bg2 e5 4. d3 d5 5. O-O Nf6 6. e4 dxe4 7. dxe4 Qxd1 8.
Rxd1 Bg4 9. Re1 Nd4 10. Nxd4 cxd4 11. c3 Bc5 12. b4 Bb6 13. Bb2 Rd8 14. cxd4
Bxd4 15. Bxd4 Rxd4 16. Nc3 Ke7 17. f4 exf4 18. e5 Nh5 19. Nd5+ Kd7 20. h3 Be6
21. Rad1 Rxd1 22. Rxd1 Nxg3 23. Nxf4+ Ke7 24. Nxe6 Kxe6 25. Bxb7 Rb8 26. Rd6+
Kxe5 27. Rd7 Ke6 28. Rc7 Ne2+ 29. Kf2 Nf4 30. b5 Re8 31. Rc6+ Ke5 32. Rc7 Kf6
33. Bc6 Nxh3+ 34. Kg2 Nf4+ 35. Kg3 Ne2+ 36. Kf2 Re5 37. Rxa7 Nd4 38. Ra6 Kg5
39. a4 h5 40. Bh1 Re2+ 41. Kf1 Rb2 42. b6 Kf4 43. b7 Nf3 44. Ra7 1/2-1/2

[Event "GBR-ch72"]
[Site "Edinburgh"]
[Date "1985.08.02"]
[Round "5.22"]
[White "Evans, Raymond G"]
[Black "Lawton, Geoffrey W"]
[Result "0-1"]
[WhiteElo "2128"]
[BlackElo "2360"]
[PlyCount "96"]
[EventDate "1985.07.29"]
[EventType "swiss"]
[EventRounds "11"]
[EventCountry "GBR"]
[SourceTitle "BritBase"]
[Source "John Saunders"]
[SourceDate "2020.09.07"]
[SourceVersion "1"]
[SourceVersionDate "2020.09.07"]
[SourceQuality "2"]

1. e4 c5 2. Nf3 Nc6 3. d4 cxd4 4. Nxd4 Nf6 5. Nc3 e6 6. Ndb5 d6 7. Bf4 e5 8.
Bg5 a6 9. Na3 b5 10. Nd5 Be7 11. Nxe7 Nxe7 12. Bd3 d5 13. Bxf6 gxf6 14. exd5
Qxd5 15. Qe2 Bf5 16. Bxf5 Nxf5 17. f3 Nd4 18. Qd3 Rd8 19. O-O Qc5 20. Kh1 Ne6
21. Qe4 O-O 22. Rad1 Nf4 23. g3 Ne6 24. Kg2 b4 25. Nc4 f5 26. Qe2 Nd4 27. Qe3
f6 28. b3 Kh8 29. Rd2 Rg8 30. Kh1 Qd5 31. a3 a5 32. axb4 axb4 33. Rd3 Rg7 34.
Ra1 Qe6 35. Qf2 h5 36. Re1 Qc6 37. Kg1 f4 38. Kh1 fxg3 39. hxg3 Rdg8 40. Rg1
Nf5 41. Kh2 Qe6 42. g4 Nd4 43. Ne3 Rh7 44. Kg2 f5 45. f4 fxg4 46. f5 Qc6+ 47.
Kf1 Rf8 48. Qg3 Qe4 0-1

[Event "GBR-ch72"]
[Site "Edinburgh"]
[Date "1985.08.02"]
[Round "5.23"]
[White "Shovel, Kenneth"]
[Black "Hindle, Owen M"]
[Result "1/2-1/2"]
[WhiteElo "2280"]
[BlackElo "2380"]
[PlyCount "55"]
[EventDate "1985.07.29"]
[EventType "swiss"]
[EventRounds "11"]
[EventCountry "GBR"]
[SourceTitle "BritBase"]
[Source "John Saunders"]
[SourceDate "2020.09.07"]
[SourceVersion "1"]
[SourceVersionDate "2020.09.07"]
[SourceQuality "2"]

1. d4 Nf6 2. c4 g6 3. Nc3 Bg7 4. e4 O-O 5. Be3 d6 6. f3 b6 7. Bd3 Bb7 8. Qd2 c5
9. d5 e6 10. Nh3 exd5 11. cxd5 Ba6 12. Nf2 Bxd3 13. Nxd3 Nbd7 14. O-O a6 15. a4
Rb8 16. Rfe1 Rb7 17. Bf4 Ne8 18. Bg5 Bf6 19. Bxf6 Qxf6 20. f4 Qd4+ 21. Qe3
Qxe3+ 22. Rxe3 f6 23. e5 fxe5 24. fxe5 Nxe5 25. Nxe5 dxe5 26. Rxe5 Nd6 27. Rae1
Rd7 28. Re6 1/2-1/2

[Event "GBR-ch72"]
[Site "Edinburgh"]
[Date "1985.08.02"]
[Round "5.24"]
[White "Horner, Jeff"]
[Black "Muir, Andrew Joseph"]
[Result "0-1"]
[WhiteElo "2375"]
[BlackElo "2285"]
[PlyCount "112"]
[EventDate "1985.07.29"]
[EventType "swiss"]
[EventRounds "11"]
[EventCountry "GBR"]
[SourceTitle "BritBase"]
[Source "John Saunders"]
[SourceDate "2020.09.07"]
[SourceVersion "1"]
[SourceVersionDate "2020.09.07"]
[SourceQuality "2"]

1. e4 c5 2. b3 e6 3. Bb2 d6 4. Nf3 Nf6 5. Nc3 Be7 6. d4 cxd4 7. Nxd4 O-O 8. Be2
Nc6 9. O-O a6 10. a4 Qc7 11. Kh1 Bd7 12. f4 Rab8 13. Nxc6 Bxc6 14. Bd3 b5 15.
axb5 axb5 16. Qf3 Qb7 17. Rae1 b4 18. Nb1 d5 19. exd5 Nxd5 20. f5 Bf6 21. Be5
Bxe5 22. Rxe5 Ne7 23. Qh3 Nxf5 24. Nd2 Rbd8 25. Nc4 g6 26. Ree1 Rd4 27. Bxf5
exf5 28. Ne3 Rd2 29. Qg3 Kh8 30. Rd1 Rfd8 31. Rxd2 Rxd2 32. Qg5 Qd7 33. h3 Be4
34. Rf4 Qd8 35. Qh6 Qg8 36. Nc4 Rxc2 37. Nd6 Bxg2+ 38. Kg1 Qa8 39. Rf2 Qa1+ 40.
Kxg2 Rxf2+ 41. Kxf2 Qd4+ 42. Ke2 Qxd6 43. h4 Kg8 44. Qg5 Qe6+ 45. Kd2 f6 46.
Qg3 Qd5+ 47. Kc2 Qe4+ 48. Kc1 f4 49. Qg4 Qe1+ 50. Kb2 Qc3+ 51. Ka2 Qc2+ 52. Ka1
Qc1+ 53. Ka2 Qa3+ 54. Kb1 Qxb3+ 55. Ka1 Qc3+ 56. Kb1 b3 0-1

[Event "GBR-ch72"]
[Site "Edinburgh"]
[Date "1985.08.02"]
[Round "5.25"]
[White "Thomas, Ian L"]
[Black "Morrison, Robert"]
[Result "0-1"]
[WhiteElo "2295"]
[BlackElo "2370"]
[PlyCount "54"]
[EventDate "1985.07.29"]
[EventType "swiss"]
[EventRounds "11"]
[EventCountry "GBR"]
[SourceTitle "BritBase"]
[Source "John Saunders"]
[SourceDate "2020.09.07"]
[SourceVersion "1"]
[SourceVersionDate "2020.09.07"]
[SourceQuality "2"]

1. e4 c5 2. Nc3 Nc6 3. g3 g6 4. Bg2 Bg7 5. d3 d6 6. Be3 e6 7. Qd2 Rb8 8. Nge2
Nd4 9. Bxd4 cxd4 10. Nb5 Qb6 11. Qb4 Ke7 12. a3 e5 13. Qc4 Bd7 14. Nc7 Nf6 15.
Nd5+ Nxd5 16. exd5 Rhc8 17. Qb3 Qxb3 18. cxb3 Rc2 19. Nc1 Rbc8 20. O-O Rxb2 21.
Ra2 Rcc2 22. Rxb2 Rxb2 23. Re1 Bh6 24. f4 Kd8 25. Rf1 exf4 26. gxf4 Rc2 27. b4
Rc3 0-1

[Event "GBR-ch72"]
[Site "Edinburgh"]
[Date "1985.08.02"]
[Round "5.26"]
[White "Vaidya, Arun"]
[Black "Bowden, Karl"]
[Result "0-1"]
[WhiteElo "2365"]
[BlackElo "2255"]
[PlyCount "106"]
[EventDate "1985.07.29"]
[EventType "swiss"]
[EventRounds "11"]
[EventCountry "GBR"]
[SourceTitle "BritBase"]
[Source "John Saunders"]
[SourceDate "2020.09.07"]
[SourceVersion "1"]
[SourceVersionDate "2020.09.07"]
[SourceQuality "2"]

1. e4 e6 2. d4 d5 3. Nd2 c5 4. exd5 exd5 5. Bb5+ Bd7 6. Qe2+ Be7 7. Ngf3 Nf6 8.
dxc5 O-O 9. Nb3 Re8 10. Bxd7 Nbxd7 11. O-O Bxc5 12. Qd3 Bb6 13. Bg5 Ne5 14.
Nxe5 Rxe5 15. Bh4 Re4 16. Bg3 Qe7 17. Rad1 Ng4 18. Qf3 Ne3 19. fxe3 Rxe3 20.
Qxd5 Rd3+ 21. Bf2 Rxd5 22. Rxd5 Rd8 23. Rxd8+ Qxd8 24. c3 Bxf2+ 25. Kxf2 Qh4+
26. Kg1 Qe4 27. Rd1 h5 28. Nd4 h4 29. h3 Qe3+ 30. Kf1 g5 31. a3 f5 32. Re1 Qd3+
33. Kg1 g4 34. Rf1 gxh3 35. gxh3 Qg3+ 36. Kh1 Qxh3+ 37. Kg1 f4 38. Rf3 Qg4+ 39.
Kh2 Kf7 40. a4 a5 41. Rh3 Kf6 42. Nf3 Ke6 43. b3 Kd5 44. c4+ Kc5 45. Nxh4 Qe2+
46. Kg1 Kb4 47. Kh1 Qf2 48. c5 Kxc5 49. Nf3 Kd5 50. Ng1 Ke4 51. Rh2 Qf1 52.
Re2+ Kd3 53. Rh2 f3 0-1

[Event "GBR-ch72"]
[Site "Edinburgh"]
[Date "1985.08.02"]
[Round "5.27"]
[White "Adams, Michael"]
[Black "Mooney, David P"]
[Result "1-0"]
[WhiteElo "2360"]
[BlackElo "2245"]
[PlyCount "67"]
[EventDate "1985.07.29"]
[EventType "swiss"]
[EventRounds "11"]
[EventCountry "GBR"]
[SourceTitle "BritBase"]
[Source "John Saunders"]
[SourceDate "2020.09.07"]
[SourceVersion "1"]
[SourceVersionDate "2020.09.07"]
[SourceQuality "2"]

1. e4 e5 2. Nf3 Nc6 3. Bb5 a6 4. Ba4 Nf6 5. O-O b5 6. Bb3 Be7 7. d4 d6 8. dxe5
dxe5 9. Qe2 Nd4 10. Nxd4 Qxd4 11. c3 Qb6 12. Kh1 O-O 13. Nd2 Bb7 14. Bc2 c5 15.
Re1 Rfd8 16. Nf1 Rd7 17. Ng3 g6 18. f4 exf4 19. Bxf4 Qe6 20. Rf1 Rad8 21. Rae1
Qg4 22. Qf2 Nh5 23. Nxh5 Qxh5 24. Bg3 f6 25. Bf4 Qg4 26. e5 fxe5 27. Bh6 Qe6
28. Qg3 e4 29. Bd1 Rd3 30. Bg4 Qd6 31. Qf2 Qe5 32. Qf7+ Kh8 33. Rf5 Re3 34.
Ref1 1-0

[Event "GBR-ch72"]
[Site "Edinburgh"]
[Date "1985.08.02"]
[Round "5.28"]
[White "Conquest, Stuart"]
[Black "Wiley, Tom E"]
[Result "1-0"]
[WhiteElo "2345"]
[BlackElo "2225"]
[PlyCount "69"]
[EventDate "1985.07.29"]
[EventType "swiss"]
[EventRounds "11"]
[EventCountry "GBR"]
[SourceTitle "BritBase"]
[Source "John Saunders"]
[SourceDate "2020.09.07"]
[SourceVersion "1"]
[SourceVersionDate "2020.09.07"]
[SourceQuality "2"]

1. d4 e6 2. g3 d5 3. Bg2 Nf6 4. Nf3 Be7 5. O-O O-O 6. c4 dxc4 7. Qc2 a6 8. Qxc4
b5 9. Qc2 Bb7 10. Bf4 Nc6 11. Rd1 Rc8 12. a3 Na5 13. Nc3 Nd5 14. b4 Nxc3 15.
Qxc3 Nc4 16. h4 Bd6 17. Bg5 f6 18. Bc1 Qe7 19. Nd2 Bxg2 20. Kxg2 Nxd2 21. Bxd2
c6 22. Qf3 e5 23. dxe5 Bxe5 24. Rac1 Bd4 25. Bf4 Be5 26. Be3 Qe6 27. Bb6 f5 28.
e3 Bb2 29. Rb1 Bf6 30. Rd3 Be7 31. Rc1 Rf6 32. h5 g5 33. hxg6 hxg6 34. Bd4 Rf7
35. Rdc3 1-0

[Event "GBR-ch72"]
[Site "Edinburgh"]
[Date "1985.08.02"]
[Round "5.29"]
[White "Orr, Mark JL"]
[Black "Mannion, Stephen R"]
[Result "1-0"]
[WhiteElo "2340"]
[BlackElo "2215"]
[PlyCount "71"]
[EventDate "1985.07.29"]
[EventType "swiss"]
[EventRounds "11"]
[EventCountry "GBR"]
[SourceTitle "BritBase"]
[Source "John Saunders"]
[SourceDate "2020.09.07"]
[SourceVersion "1"]
[SourceVersionDate "2020.09.07"]
[SourceQuality "2"]

1. Nf3 Nf6 2. c4 c5 3. g3 Nc6 4. Bg2 d5 5. cxd5 Nxd5 6. d4 Nc7 7. Be3 Bg4 8.
O-O Nd5 9. Nc3 Nxe3 10. fxe3 e6 11. Qa4 Qd7 12. Rad1 Bxf3 13. Bxf3 cxd4 14.
exd4 Qc7 15. Kg2 O-O-O 16. Nb5 Qb6 17. Bxc6 Qxc6+ 18. d5 Qb6 19. Rxf7 exd5 20.
Rc1+ Kb8 21. Rcc7 Bc5 22. Rxc5 a6 23. Qf4+ Ka8 24. Qc7 Qxc7 25. Nxc7+ Kb8 26.
Nxd5 Rhe8 27. Nf4 Rd2 28. b4 Rxa2 29. Rxg7 Re4 30. b5 Ra5 31. Rxh7 Rxb5 32.
Rxb5 axb5 33. Rh5 Rb4 34. Nd3 Rb3 35. Rh4 Ka7 36. Rb4 1-0